=LDR 00000nam 2200000 4500 =001 000673 =005 20250711022029 =035 ##$$a 0010-0725000541 =007 ta =008 250711################a##########0#ind## =020 ##$$a 978-623-307-632-6 =082 ##$$a 398.209 598 =084 ##$$a 398.209 598 MEM m =245 1#$$a Memanggil Matahari /$c Memanggil Matahari/Kim Dong PH =250 ##$$a Cetakan Pertama =260 ##$$a Jakarta :$b Badan Pengembangan dan Pembinaan Bahasa,$c 2022 =300 ##$$a 12 hlm. : $b Ilus. ; $c 22,9 cm =650 #4$$a CERITA ANAK INDONESIA-TERJEMAHAN =650 #4$$a LITERASI BAHAN BACAAN =110 ##$$a Memanggil Matahari/Kim Dong PH =990 ##$$a TBM04480448